000
00345 a2200157 4500
001
60298
020
_a
8508065205
040
_c
Anchieta - Pituba
100
_a
Ferreira, Luiz Antônio
240
1
0
_a
Roteiro de leitura
_l
por
245
1
0
_a
Roteiro de leitura
300
_a
128
362
0
_a
1997
650
4
_a
Análise e crítica
942
_c
BK
999
_c
60298
_d
60298